000 01836cam a2200493 i 4500
003 PE-LiUPU
005 20250731172852.0
008 130710s2013 vtu rb 000 0 eng
020 _a1594735158
020 _a9781594735158
035 _a(Sirsi) i9781594735158
040 _aDLC
_bspa
_erda
_cDLC
_dBTCTA
_dYDXCP
_dBDX
_dOCLCF
_dQBX
_dBMS
_dOCL
_dPE-LiUPU
082 0 0 _a204
_bS47
_223
100 1 _aShapiro, Rami M.,
_eautor.
245 1 0 _aPerennial wisdom for the spiritually independent :
_bsacred teachings-annotated & explained /
_cannotation by Rami Shapiro.
264 1 _aWoodstock, Vermont :
_bSkyLight Paths,
_c[2013]
300 _axvii, 313 páginas ;
_c22 centímetros.
336 _atext
_2rdacontent
337 _aunmediated
_2rdamedia
338 _avolume
_2rdacarrier
490 0 _aSkyLight illuminations series
504 _aBibliografía : páginas 310-313.
505 0 _aWhat is perennial wisdom? -- Who am I? -- Where did I come from? -- Where am I gonig? -- How shall I live? -- Why?.
526 _aSEG42
526 _aSEG41
526 _aSEG40
526 _aSEG39
526 _aP94
526 _aP87
526 _aP86
526 _aP85
526 _aP77
526 _aP76
526 _aP35
650 0 _aReligiones.
650 7 _aReligiones.
910 _ajck
_bebj
_cebj
_d20160615
942 _2ddc
_cBOOK
949 _a204 S47
_wDEWEY
_c1
_i73644
_lCCODEBUL1
_mBUL
_p5.00
_r0
_sY
_tBOOK
_u2016-6-15
_xTEOLOGIA
_PP35
_0COMPRA
_o.STAFF. Colección General Teología
994 _aC0
_bPEPRU
596 _a1
999 _a204 S47
_wDEWEY
_c9960
_i73644
_f2021-11-9
_g5
_lCCODEBUL1
_mBUL
_p5.00
_r0
_sY
_tBOOK
_u2016-6-15
_xTEOLOGIA
_PP35
_0COMPRA
_o.STAFF. Colección General Teología
_d9960
980 _81
_gALBERTO SANCHEZ Responsable de Automatización